Catálogo
 En Linea

Manual de lengua española : (Registro nro. 12554)

Detalles MARC
000 -CABECERA
campo de control de longitud fija 01344nam a2200193 a 4500
001 - NÚMERO DE CONTROL
campo de control 000012906
003 - IDENTIFICADOR DEL NÚMERO DE CONTROL
campo de control DO-SdBNP
005 - FECHA Y HORA DE LA ÚLTIMA TRANSACCIÓN
campo de control 20230921120924.0
008 - DATOS DE LONGITUD FIJA--INFORMACIÓN GENERAL
campo de control de longitud fija 091118s201u dr 000 0 spa d
040 ## - FUENTE DE LA CATALOGACIÓN
Centro catalogador/agencia de origen DO-SdBNP
Lengua de catalogación spa
Centro/agencia transcriptor BNPHU
100 1# - ENTRADA PRINCIPAL--NOMBRE DE PERSONA
Nombre de persona Bonilla, Santiago
9 (RLIN) 29792
245 10 - MENCIÓN DE TÍTULO
Título Manual de lengua española :
Resto del título teoría y prácticas /
Mención de responsabilidad, etc. Santiago Bonilla.
260 ## - PUBLICACIÓN, DISTRIBUCIÓN, ETC.
Lugar de publicación, distribución, etc. Santo Domingo :
Nombre del editor, distribuidor, etc. Búho,
Fecha de publicación, distribución, etc. [201-].
300 ## - DESCRIPCIÓN FÍSICA
Extensión 243 p. ;
Dimensiones 28 cm.
500 ## - NOTA GENERAL
Nota general Incluye datos biografícos en la contraportada
504 ## - NOTA DE BIBLIOGRAFÍA, ETC.
Nota de bibliografía, etc. Bibliografía p: 241-243
505 0# - NOTA DE CONTENIDO CON FORMATO
Información miscelánea unidad 1 --
Título La comunicación --
Información miscelánea unidad 2 --
Título Consideraciones teoricas sobre comunicación --
Información miscelánea unidad 3 --
Título La comunicación corporativa --
Información miscelánea unidad 4 --
Título El párrafo y su estructura --
Información miscelánea unidad 5 --
Título Métodos de desarrollo del párrafo --
Información miscelánea unidad 6 --
Título El resumen --
Información miscelánea unidad 7 --
Título La exposición --
Información miscelánea unidad 8 --
Título El informe --
Información miscelánea unidad 9 --
Título La carta --
Información miscelánea unidad 10 --
Título Sistema de fichas --
Información miscelánea unidad 11 --
Título El comentario --
Información miscelánea unidad 12 --
Título El ensayo --
Información miscelánea unidad 13 --
Título La oratoria --
Información miscelánea unidad 14 --
Título La narración --
Información miscelánea unidad 15 --
Título Modos de expresión --
Información miscelánea unidad 16 --
Título Los tipos de lengua --
Información miscelánea unidad 17 --
Título Los niveles de lengua --
Información miscelánea unidad 18 --
Título El estilo --
Información miscelánea unidad 19 --
Título Las imágenes artísticas --
Información miscelánea unidad 20 --
Título Figuras literarias --
Información miscelánea unidad 21 --
Título La descripción --
942 ## - ELEMENTOS DE PUNTO DE ACCESO ADICIONAL (KOHA)
Fuente del sistema de clasificación o colocación Dewey Decimal Classification
Tipo de ítem Koha Libro
Existencias
Estado de retiro Estado de pérdida Fuente del sistema de clasificación o colocación Restricciones de uso No para préstamo Código de colección Localización permanente Ubicación/localización actual Ubicación en estantería Fecha de adquisición Total de préstamos Código de barras Fecha visto por última vez Precio válido a partir de Tipo de ítem Koha Número de copia
    Dewey Decimal Classification Excluido de préstamo   Patrimonio Dominicano Biblioteca Nacional Pedro Henríquez Ureña Biblioteca Nacional Pedro Henríquez Ureña Depósito 18.11.2009   12906-10 25.06.2020 25.06.2020 Libro  
    Dewey Decimal Classification Excluido de préstamo   Patrimonio Dominicano Biblioteca Nacional Pedro Henríquez Ureña Biblioteca Nacional Pedro Henríquez Ureña Depósito 06.08.2015   12906-20 25.06.2020 25.06.2020 Libro e. 2

Con tecnología Koha